000 nam a22 7a 4500
999 _c7310
_d7310
008 170808b xxu||||| |||| 00| 0 eng d
100 _93850
_aBharti Jyostna
245 _aEncyclopedia Earth
260 _aNew Delhi
_bSunrise Publishers